000 00508nam a2200181Ia 4500
001 12523
003 GE_BSU
008 181216s||||||||xx |||||||||||||| ||und||
040 _cGE_BSU
080 _aპერიოდიკა
245 _aВопросы философии, №9. 2014.
245 _cгл.ред.Пружинин Борис Исаевич и др.
260 _aМосква
260 _c2014
300 _a192стр.24см.
653 _aВопросы философии
942 _cCR
999 _c45696
_d45696